000 00479nam a22001577a 4500
005 20260415134649.0
008 260415b |||||||| |||| 00| 0 eng d
020 _a9780139061653
050 _aHF5657.4
_b.H67
245 _aManagement Accounting
_cCharles T. Horngren et al.,
250 _a3rd ed.
_bCanadian Edition
260 _aScarborough, Ontario
_bPrentice Hall
_c1999
300 _axxiii. 774p.
_bill. some color
_c26cm
700 _aHorngren, Charles T.
942 _2lcc
_cBK
_n0
999 _c9215
_d9215